00833cam a2200205 a 450000100100000000500170001000800410002704000250006808200190009310000540011224500900016626000490025630000260030550400320033160000430036365100490040670000350045595201220049099900150061200000768520200929154248.0730418s1965 nyu b 001 0 eng d aDO-SdBNPbspacBNPHU a923.173bA211L1 aLipsky, George A.q(George Arthur),d1912-92129910aJohn Quincy Adams, his theory and ideas /cGeorge A. Lipsky ; prólogo Allan Nevins. aNew York :bThomas y Crowell Company,c1965. axii, 347 p. ;c22 cm. aBibliografía: p. 334-339.10aADAMS, JOHN QUINCY,d1767-1848.921300 4aEstados UnidosxPresidentey1825-18299213011 aNevins, Allan,epról.921302 001052708MOaGRbGRcCTd2009-09-09iLF1l0o923.173 A211Lp7685-10r2020-06-25w2020-06-25y2ZPréstamo interno c7465d7465